Hindu sanskara: The social and religious study of the Hindu sacraments (Record no. 75075)

MARC details
000 -LEADER
fixed length control field 00431nam a2200157Ia 4500
008 - FIXED-LENGTH DATA ELEMENTS--GENERAL INFORMATION
fixed length control field 230917s9999||||xx |||||||||||||| ||und||
040 ## - CATALOGING SOURCE
-- 24256
Original cataloging agency VIVEKANANDA LIBRARY
041 ## - Language
-- English
082 ## - DDC NUMBER
Classification number 294.538 P192H
100 ## - MAIN ENTRY--PERSONAL NAME
Personal name Pondeya, Rajabali
245 #0 - TITLE STATEMENT
Title Hindu sanskara: The social and religious study of the Hindu sacraments
250 ## - EDITION STATEMENT
Edition statement 2nd ed.
260 ## - PUBLICATION, DISTRIBUTION, ETC. (IMPRINT)
Place of publication, distribution, etc Varansi
Name of publisher, distributor, etc Chowkhamba vidyabhawan
Date of publication, distribution, etc 1966
300 ## - PHYSICAL DESCRIPTION
Pages 393 p.
942 ## - ADDED ENTRY ELEMENTS (KOHA)
Koha item type Books
Holdings
Withdrawn status Lost status Damaged status Not for loan Location (home branch) Sublocation or collection (holding branch) Date acquired Koha issues (times borrowed) Koha full call number Accession No. Koha date last seen Koha item type
        VIVEKANANDA LIBRARY VIVEKANANDA LIBRARY 08/08/2002 3 294.538 P192H 15013 08/04/2026 Books
© Designed and Maintained by Vivekananda Library, MDU Rohtak